| 000 | 00642nam a22001817a 4500 | ||
|---|---|---|---|
| 999 |
_c186458 _d186458 |
||
| 005 | 20220304154159.0 | ||
| 010 | _aENG-131843 | ||
| 020 |
_a9788194216520 _c2500.00 |
||
| 035 | _aEN-115375 | ||
| 037 | _bDBAD/PUB | ||
| 082 | _a725.180954 | ||
| 100 | _aMande, Pramod Maruti | ||
| 245 |
_aForts & Palaces In India: _b4000 +Forts & Palaces Across India/ _cPramod Maruti Mande |
||
| 260 |
_aMaharastra _bAniket Enterprises _c2019 |
||
| 270 |
_a417, Sukrawar Peth,Opp.Khadak Police Station,Shivaji Road, _bPune _e411002 _maniketyadav84@gmail.com |
||
| 300 |
_aLVI, 716p. _bIndex _c28cm(pbk) |
||
| 942 |
_2ddc _cEN _h725.180954 _mMAN |
||